000 00754nam a2200217Ii 4500
003 JO-AjNU
008 230605s9999||||xx |||||||||||||| ||und||
017 _a1997/9/1310
040 _aJO-AjNU
_bara
_erda
_cJO-AjNU
041 _aara
050 1 4 _aPJ7519.I84.B2722 2003
100 3 _aتأليف بصبوص، أحمد عبد ربه,
_eauthor
_935860
245 0 0 _aأدب المعركة في الإسلام
250 _aط1
264 3 1 _aعمان: المؤلف، 2003
300 _a331ص
336 _atext
_btxt
_2rdacontent
337 _aunmediated
_bn
_2rdamedia
338 _avolume
_bnc
_2rdacarrier
650 4 _aالتربية الإسلامية - الثقافة الإسلامية - الادب الإسلامي - ادب المعركة
_935861
999 _aA14845
_c18413
_d18413